00605nam a2200193Ia 4500008004100000020001400041082001700055100002100072245002300093250000800116260004500124300002800169500001900197600002700216650001500243942000700258952013100265999001500396240925s9999 xx 000 0 und d a133629635 a621.3815 FLO aFloyd, Thomas L. 0aElectronic Devices a4th aNew Jersey:bPrintice- Hall Int.c,1996. axvii,953p.bNAfPirated aIncludes Index aElectrical Engineering aTechnology cBK 001040708ELaUITUbUITUd2001-06-26eFarooq Kitab Gharg110.00l0o621.3815 FLOpQ3754r2024-09-25 07:13:15w2024-09-25yBK c6253d6253